ბათუმის შოთა რუსთაველის სახელმწიფო უნივერსიტეტის ბიბლიოთეკა

ძველი საბერძნეთი : (ბიბ.ჩანაწერი № 52993)

000 -ლიდერი
ფიქსირებული სიგრძის საკონტროლო ველი 01179nam a2200265Ia 4500
001 - საკონტროლო ნომერი
საკონტროლო ველი 20024
003 - საკონტროლო ნომრის იდენტიფიკატორი
საკონტროლო ველი GE_BSU
005 - ბოლო ოპერაციის თარიღი და დრო
საკონტროლო ველი 20250410172615.0
008 - ფიქსირებული სიგრძის მონაცემთა ელემენტები - ზოგადი ინფორმაცია
ფიქსირებული სიგრძის საკონტროლო ველი 181216s1966||||ge |||||||||||||| ||geo||
040 ## - კატალოგიზაციის წყარო
Transcribing agency GE_BSU
041 ## - ენის კოდი
Language code of text/sound track or separate title geo
080 ## - უნივერსალური ათობითი კლასიფიკაციის ინდექსი
Universal Decimal Classification number 94(38) წ-39
100 ## - მთავარი ჩანაწერი - პიროვნების სახელი
Personal name წერეთელი, ალექსანდრე
9 (RLIN) 24759
245 ## - ცნობა სათაურის შესახებ
Title ძველი საბერძნეთი :
Remainder of title [სახელმძღვანელო] ტ. 1/
Statement of responsibility, etc ალექსანდრე წერეთელი ; რედ. ნ. თალაკვაძე.
250 ## - გამოცემის ცნობა
Edition statement მე-3 შესწ. და შევს. გამოცემა
264 ## - წარმოების, გამოცემის, დისტრიბუციის და სხვა ცნობები
გამოცემის, წარმოების, დისტრიბუციის... ადგილი თბილისი :
გამოცემის, წარმოების, დისტრიბუციის... სახელწოდება განათლება,
გამოცემის, წარმოების, დისტრიბუციის... თარიღი 1966.
300 ## - ფიზიკური აღწერა
Extent 610 გვ. ;
Dimensions 22 სმ.
504 ## - BIBLIOGRAPHY, ETC. NOTE
Bibliography, etc ბიბლიოგრაფია : გვ. 566-584
653 ## - INDEX TERM--UNCONTROLLED
Uncontrolled term სახელმძღვანელო
653 ## - INDEX TERM--UNCONTROLLED
Uncontrolled term ძველი საბერძნეთი. ტ. 1
653 ## - INDEX TERM--UNCONTROLLED
Uncontrolled term ძველი საბერძნეთის ისტორია
700 ## - ADDED ENTRY--PERSONAL NAME
Personal name თალაკვაძე, ნ.
Relator term რედაქტორი
9 (RLIN) 24760
942 ## - ADDED ENTRY ELEMENTS (KOHA)
Koha item type წიგნი
Source of classification or shelving scheme
ეგზემპლარები
ჩამოწერის სტატუსი დაკარგული ეგზემპლარის სტატუსი კლასიფიკაციის წყარო ან თაროზე გაწყობის სქემა დაზიანების სტატუსი არ გაიცემა მუდმივი მდებარეობა (დაცვის ადგილი) ამჟამინდელი ადგილსამყოფელი თაროზე განთავსების ადგილი შეძენის თარიღი ღირებულება, შესყიდვის ნორმალური ფასი სრული შენახვის შიფრი შტრიხკოდი ბოლო ოპერაციის თარიღი ეგზემპლარის მიმდევრობითი ნომერი (კეტერი?) ფასის ძალაში შესვლის თარიღი ეგზემპლარის სახეობა საჯარო შენიშვნა
          ბათუმის შოთა რუსთაველის სახელმწიფო უნივერსიტეტის მთავარი ბიბლიოთეკა ბათუმის შოთა რუსთაველის სახელმწიფო უნივერსიტეტის მთავარი ბიბლიოთეკა წიგნსაცავი 2018-12-17 15.00 94(38) წ-39 27842 2018-12-17 27842 2018-12-17 წიგნი 15.00 ₾.